The nature of Borneo

Bibliographic Details
Main Author: YATES
Other Authors: Domico
Format: Book
Published: New York : Facts On File , 1992
Subjects:

MARC

LEADER 00000cam a2200000 7i4500
001 0000001171
005 20140117.0
020 0 0 |a 0816024286 
090 0 0 |a R508.5983   |b YAT 1992 
100 1 0 |a YATES   |h Steve 
245 1 4 |a The nature of Borneo   |c Steve Yates; photographs by Terry Domico 
260 0 0 |a New York :   |b Facts On File ,   |c 1992 
300 |a xiii, 208 p. :   |b col. ill. ;   |c 31 cm. 
500 0 0 |a Bibliography : [p. 195-197] and index 
650 0 0 |a Natural history   |z Borneo 
650 0 0 |a Natural history   |z Borneo   |x Pictorial works 
700 0 1 |a Domico   |h Terry 
998 |a JPSM 
999 |a 0000002060   |b Monograph   |c Reference   |e Default branch